000 00892nam a22002897a 4500
001 0000809
003 KOHA_MİRAKIL
005 20260207001221.0
007 ta
008 081212b2005 tu a|||grd|||#0|||1|tur |
020 _a9754712697
_cYTL97,64
040 _aTR-BiSEU
_btur
_cTR-BiSEU
_erda
041 0 _atur
044 _ctu
050 _aPC1620
_b.I83 2005
245 0 _aİtalyanca-Türkçe Türkçe-İtalyanca büyük sözlük/
_ceditör Deniz Meriç.
264 1 _aİstanbul :
_bFono Yayınları
_c2005
300 _a1843 sayfa :
_b+1 CD-ROM
336 _ametin
_btxt
_2rdacontent
337 _aaracısız
_bn
_2rdamedia
338 _acilt
_bnc
_2rdacarrier
650 0 _aİtalyan dili--Sözlükler--Türkçe.
_93347
650 0 _aItalian Language--Dictionaries--Turkish.
_93348
650 0 _aTurkish language--Dictionaries--Italian .
_93349
907 _aSözlük
942 _2lcc
_cBK
999 _c804
_d804